00731nam a22002057a 450000500170000001000130001702000260003003500130005603700090006908200060007810000270008424500770011126000320018827000680022030000320028870000270032094200200034799900190036795201390038620240628145134.0 aB-760000 a9780143333982c199.00 aB-760000 bGift aS aAlter, Stephen 967926 aThe secret sanctuary / cby Stephen Alter; illustrated by Prabha Mallya  aGurgaon bPuffin Bookc2015 a7th Floor, Infinity Tower C, DLF Cyber City, bGurgaon e122002 avarious pagings c19cm(pbk) aMallya, Prabha 967925 2ddccCHmALThS c203827d203827 001040708FICaAVbAVd2024-06-28eGift/25.06.2024g199.00l0oALT SpB-760000r2024-06-28 00:00:00t1v199.00w2024-06-28yCHzGift